Globalisation et gouvernance principaux résultats du programme de travail du Centre de Développement pour 2001-2002

Gespeichert in:
Bibliographische Detailangaben
Körperschaft: OECD. Development Centre
Format: Buch
Sprache:Französisch
Veröffentlicht: Paris OCDE 2003
Schlagworte:
Tags: Tag hinzufügen
Keine Tags, Fügen Sie das erste Tag hinzu!

MARC

LEADER 00000nam$a2200000$$$4500
001 0022144
005 20240315120655.0
041 0 |a fre 
044 |a FR 
245 1 0 |a Globalisation et gouvernance  |b principaux résultats du programme de travail du Centre de Développement pour 2001-2002 
264 1 |a Paris  |b OCDE  |c 2003 
300 |a 74 s. 
610 2 0 |a globalizácia 
610 2 0 |a globalizácia hospodárstva 
610 2 0 |a vláda 
610 2 0 |a financie 
610 2 0 |a OECD 
710 2 |a OECD. Development Centre